| 000 | 00951nam a22002897a 4500 | ||
|---|---|---|---|
| 003 | CHAP | ||
| 005 | 20220329134028.0 | ||
| 008 | 971013s1970 r 00010 d | ||
| 010 | _a14349 | ||
| 011 | _a15321 | ||
| 035 | _a19396 | ||
| 040 | _cCHAP | ||
| 082 |
_a719.36 _bH4 |
||
| 100 | 0 | 0 |
_aHernández Corzo, Rodolfo. _953918 |
| 245 | _aSignificado económico y social de la fauna silvestre; el recurso fauna | ||
| 260 |
_aMéxico, D.F. : _bSubsecretaría Forestal y de la Fauna, _c1970 |
||
| 300 | _apág. varía | ||
| 590 |
_aBATCH-UPD _b10 _c20130110 _lUCH01 _h2152 |
||
| 590 |
_aBATCH-UPD _b10 _c20130410 _lUCH01 _h1500 |
||
| 590 |
_aBATCH-UPD _b10 _c20130914 _lUCH01 _h1713 |
||
| 590 |
_aCONVERSION _b10 _c20130109 _lUCH01 _h1309 |
||
| 650 | 1 | 4 |
_aVida silvestre _xConservación. _9119166 |
| 650 | 1 | 4 |
_aVida silvestre _zMéxico. _9119208 |
| 901 | _aBK | ||
| 942 | _cLIBRO | ||
| 949 |
_a719.36 H4 _bBC _cLIBRO _d33724000938932 _eLIBRO _h39030 _i19396 _mD _si |
||
| 999 |
_c14349 _d14349 |
||